| 000 | 00590nam a2200217Ii 4500 | ||
|---|---|---|---|
| 001 | 9073 | ||
| 003 | CO-ViMGA | ||
| 008 | 241108s9999||||xx |||||||||||||| ||und|| | ||
| 020 | _a9580435936 | ||
| 040 |
_aCO-ViMGA _bspa _erda _cCO-ViMGA |
||
| 041 | 0 | _aspa | |
| 082 | 0 | 4 | _a612.6 B715i |
| 100 | 1 |
_aNelssy Bonilla Bejarano _950779 |
|
| 245 | 1 | 0 | _aIdentidad |
| 264 | 1 | _aBogotá, Colombia : Norma, 1966 | |
| 300 | _avolumen | ||
| 336 |
_atext _btxt _2rdacontent |
||
| 337 |
_aunmediated _bn _2rdamedia |
||
| 338 |
_avolume _bnc _2rdacarrier |
||
| 940 | _aidficha_siabuc: 8872. -- ficha_no_siabuc:9073 | ||
| 999 |
_c45471 _d45471 |
||